[Event "Reykjavik op"]
[Site "Reykjavik"]
[Date "2025.04.13"]
[Round "6"]
[White "Deepak Ambattu, Rithvik"]
[Black "Villamar, Eros"]
[Result "1-0"]
[WhiteElo "1971"]
[BlackElo "1747"]
[PlyCount "103"]
[EventDate "2025.04.09"]
[EventType "swiss"]
[EventRounds "9"]
[EventCountry "ISL"]
[SourceTitle "CB17_2025"]
[SourceDate "2025.04.23"]
[SourceVersion "1"]
[SourceVersionDate "2025.04.23"]
[SourceQuality "1"]

1. e4 e6 2. d4 d5 3. Nd2 c5 4. Ngf3 Nc6 5. exd5 exd5 6. Bb5 Bd6 7. dxc5 Bxc5 8. 0-0 Nge7 9. Nb3 Bd6 10. Bg5 0-0 11. c3 f6 12. Bh4 a6 13. Bd3 Ne5 14. Bg3 Nxd3 15. Qxd3 Bf5 16. Qd2 Bxg3 17. hxg3 Qd6 18. Nfd4 Bg6 19. Rfe1 Bf7 20. Qf4 Qxf4 21. gxf4 Nc8 22. Nc5 Nd6 23. Re7 Rfe8 24. Rae1 Kf8 25. Nd7+ Kg8 26. Nb6 Rad8 27. R1e3 Ne4 28. Rxb7 Rb8 29. Rxb8 Rxb8 30. f3 Nd6 31. Na4 Be8 32. Nc5 Nc4 33. Re7 Nxb2 34. Nxa6 Rc8 35. Nf5 Bg6 36. Nxg7 Rxc3 37. Ne6 Re3 38. Nac5 d4 39. Rg7+ Kh8 40. Rb7 Re1+ 41. Kh2 Kg8 42. Rxb2 d3 43. Nd4 Rd1 44. Ncb3 Re1 45. Rd2 Re3 46. Kg3 Kf8 47. Kf2 Re7 48. f5 Bf7 49. Ne6+ Ke8 50. Rxd3 Bxe6 51. fxe6 Rxe6 52. Re3 1-0

[Event "Wch U10"]
[Site "Montesilvano"]
[Date "2024.11.25"]
[Round "10"]
[White "Zhang, Oscar Y"]
[Black "Deepak Ambattu, Rithvik"]
[Result "0-1"]
[WhiteElo "1817"]
[BlackElo "2063"]
[PlyCount "118"]
[EventDate "2024.11.15"]
[EventType "swiss"]
[EventRounds "11"]
[EventCountry "ITA"]
[SourceTitle "CB48_2024"]
[SourceDate "2024.11.28"]
[SourceVersion "1"]
[SourceVersionDate "2024.11.28"]
[SourceQuality "1"]

1. e4 c5 2. Nf3 d6 3. d4 cxd4 4. Nxd4 Nf6 5. Nc3 a6 6. Bg5 e6 7. f4 Be7 8. Qf3 Qc7 9. 0-0-0 Nbd7 10. g4 b5 11. Bxf6 Nxf6 12. g5 Nd7 13. f5 0-0 14. Rg1 b4 15. Nce2 e5 16. Nb3 f6 17. gxf6 Nxf6 18. Ng3 Bb7 19. Nd2 d5 20. Nh5 Nxh5 21. Qxh5 Bc5 22. Rg3 Qf7 23. Qg4 Rad8 24. exd5 Bxd5 25. Bc4 Bxc4 26. Nxc4 Rxd1+ 27. Kxd1 Qd7+ 28. Rd3 Qxf5 29. Qxf5 Rxf5 30. Rd5 Bd4 31. Rd8+ Rf8 32. Rd6 Rf1+ 33. Kd2 Rf2+ 34. Kd3 Rxh2 35. Rxa6 h5 36. c3 bxc3 37. bxc3 Rh3+ 38. Ke4 Rxc3 39. Nxe5 Bxe5 40. Kxe5 Rf3 41. Ke4 Rf1 42. a4 Kh7 43. Rb6 Ra1 44. Rb4 Kh6 45. Kf3 g6 46. Kg3 Ra3+ 47. Kg2 Rc3 48. a5 Rc2+ 49. Kg3 Ra2 50. Rb5 Ra3+ 51. Kh2 h4 52. Kg2 g5 53. Kh2 Kh5 54. Kg2 h3+ 55. Kh2 Kh4 56. Rb8 Ra2+ 57. Kg1 g4 58. Rb4 h2+ 59. Kh1 Kh3 0-1

[Event "London Mindsports op 4th"]
[Site "London"]
[Date "2024.07.18"]
[Round "2"]
[White "Deepak Ambattu, Rithvik"]
[Black "Brackmann, Hendrik"]
[Result "1/2-1/2"]
[WhiteElo "1978"]
[BlackElo "2086"]
[PlyCount "112"]
[EventDate "2024.07.18"]
[EventType "swiss"]
[EventRounds "9"]
[EventCountry "ENG"]
[SourceTitle "EXT 2025"]
[Source "ChessBase"]
[SourceDate "2024.10.14"]
[SourceVersion "1"]
[SourceVersionDate "2024.10.14"]
[SourceQuality "1"]

1. e4 e6 2. d4 d5 3. Nd2 c5 4. Ngf3 cxd4 5. exd5 Qxd5 6. Bc4 Qd6 7. 0-0 Nf6 8. Nb3 Nc6 9. Nbxd4 Nxd4 10. Nxd4 Be7 11. c3 0-0 12. Qf3 Qc7 13. Bb3 a5 14. a4 Bd7 15. Bg5 Ra6 16. Bc2 Qc5 17. Be3 Qd5 18. Bb3 Qxf3 19. Nxf3 Ng4 20. Bd4 Bc6 21. Bc4 Raa8 22. Bb5 Bxf3 23. gxf3 Nh6 24. Rfd1 Rfc8 25. Bb6 Bd8 26. Be3 Nf5 27. Rd7 Bc7 28. Rad1 h5 29. Bc5 Nh4 30. R1d3 Bxh2+ 31. Kxh2 Rxc5 32. Rxb7 Rac8 33. Rbd7 Rg5 34. Rd8+ Rxd8 35. Rxd8+ Kh7 36. Rd3 Rg2+ 37. Kh3 g5 38. f4 Rxf2 39. fxg5 Ng6 40. b4 axb4 41. cxb4 Rb2 42. Rd4 e5 43. Re4 Nf4+ 44. Kg3 Rg2+ 45. Kf3 Rxg5 46. Re1 h4 47. Rh1 Rg3+ 48. Ke4 Ng6 49. Kd5 h3 50. Bf1 Kg7 51. a5 f5 52. Bxh3 Nf4+ 53. Kxe5 Nxh3 54. Kxf5 Rb3 55. a6 Rxb4 56. Rxh3 Ra4 1/2-1/2

[Event "Scottish op"]
[Site "Dunfermline"]
[Date "2024.07.14"]
[Round "9"]
[White "Deepak Ambattu, Rithvik"]
[Black "Arakhamia Grant, Ketevan"]
[Result "1/2-1/2"]
[WhiteElo "1978"]
[BlackElo "2292"]
[PlyCount "120"]
[EventDate "2024.07.08"]
[EventType "swiss"]
[EventRounds "9"]
[EventCountry "SCO"]
[SourceTitle "CBM 221 Extra"]
[Source "ChessBase"]
[SourceDate "2024.09.30"]
[SourceVersion "1"]
[SourceVersionDate "2024.09.30"]
[SourceQuality "1"]

1. e4 c5 2. Nc3 e6 3. Nge2 a6 4. d4 cxd4 5. Nxd4 Qc7 6. Be3 Nf6 7. Bd3 b5 8. 0-0 Bb7 9. a3 d6 10. f4 Nbd7 11. Nb3 Be7 12. g4 d5 13. e5 Ne4 14. Bd4 0-0 15. Qe2 Ndc5 16. Nxc5 Bxc5 17. Qe3 Bxd4 18. Qxd4 Nxc3 19. bxc3 Rac8 20. Rf3 g6 21. Bf1 Qc5 22. a4 bxa4 23. Rxa4 Qxd4+ 24. cxd4 Rxc2 25. Rb3 Bc8 26. g5 Bd7 27. Rxa6 Rfc8 28. Ra7 Be8 29. Rab7 Kg7 30. Rb8 Ba4 31. Rxc8 Rxc8 32. Ra3 Bc2 33. Bd3 Bxd3 34. Rxd3 Rc2 35. Ra3 Rd2 36. Ra4 h6 37. h4 h5 38. Rb4 Ra2 39. Rb3 Ra4 40. Rd3 Kf8 41. Kf2 Ra2+ 42. Kf3 Rh2 43. Rd1 Ke7 44. Ra1 Rh3+ 45. Kf2 Rd3 46. Ra4 Rh3 47. Ra1 Kd7 48. Ra7+ Ke8 49. Ra8+ Ke7 50. Ra1 Rc3 51. Ra7+ Ke8 52. Ra8+ Kd7 53. Rf8 Ke7 54. Ra8 Rc4 55. Ke3 Rc1 56. Ra7+ Kf8 57. Kf3 Rh1 58. Ra8+ Kg7 59. Kg3 Rd1 60. Ra4 Rd3+ 1/2-1/2